Преживявания (Запис номер 99975)
[ съкратено ]
| 000 -Лидер | |
|---|---|
| Контролно поле с фиксирана дължина | 01324nam a2200325 c 4500 |
| 003 - Код на организацията, давaща контролен номер | |
| Контролно поле | BLK |
| 005 - Дата и час на последна редакция | |
| Контролно поле | 20180422105314.0 |
| 008 - Елементи от данни с фиксирана дължина | |
| fixed length control field | 180409b bul|||||r ||||||| ||bul|| |
| 010 ## - Наследен системен номер | |
| LC control number | KNG00104991000 |
| 020 ## - Международен стандартен номер на книга ISBN | |
| Международен стандартен номер на книга ISBN | 954-607-521-3 |
| -- | издат.: Лик - на том (т. 1) |
| 040 ## - Източник на каталожния запис | |
| Идентификатор на билиотеката - собственик на записа | BLK |
| 041 ## - Код за език | |
| Код за езика на текст/звукозапис или на отделно заглавие | Български |
| Код за езика КДБФ | Български |
| 080 ## - УДК | |
| Текстов определител УДК | Испанска литература |
| УДК код - определител по УДК | 821.134.2 |
| УДК определител | -84(082.2) |
| УДК - код + определител | 821.134.2-84(082.2) |
| 100 1# - Редна дума - Автор | |
| Автор | Орола |
| Авторска отговорност | първи автор |
| R(LIN) | 104916 |
| 139 ## - Редно поле | |
| Редна дума | Орландо, Фернандо |
| Авторски знак | Орл - О 70 |
| 245 10 - Сведения за заглавието | |
| Заглавие | Преживявания |
| Подзаглавни данни | Антология : Т. 1 - |
| Редно поле (дума) | Орола; * Фернандо Орландо; прев. от исп. Константин Димитров. |
| Том | Т. 1 |
| 257 ## - Страна на издаване | |
| Страна на създаване/издаване | Испания |
| 260 ## - Област на издателските данни | |
| -- | София |
| Година на издаване | 2001 - |
| 300 ## - Физическа характеристика | |
| Размери/Мащаб | 21 см |
| 380 ## - Жанр | |
| Жанр | Худож. лит. |
| 500 ## - Общи забележки | |
| Забележка | Орола - псевд. на Фернандо Орландо. - Прев. по Ediciones / Orola. - Съдържа и Биография. |
| 700 1# - Други автори (авторска отговорност) | |
| Лично име | Орландо, Фернандо |
| Автороска отговорност (Описва отношението между автора и произведението) | * |
| 9 (RLIN) | 308277 |
| 700 1# - Други автори (авторска отговорност) | |
| Лично име | Димитров, Константин |
| Автороска отговорност (Описва отношението между автора и произведението) | прев. от исп. |
| 9 (RLIN) | 368039 |
| 760 1# - Описание на основната серия | |
| -- | - на том (т. 1) |
| Редна дума на основното описание | Орола |
| Място на издаване, издател и година | Лик, 2002 |
| Страници - том | 164 с. |
| Заглавие | Т. 1 |
| 852 ## - Местоположение | |
| Форматна сигнатура | Цб 214103 |
| 856 4# - Електронен адрес и достъп | |
| Електронен формат | pdf - файл |
| Път до файла /url/ | |
| 856 4# - Електронен адрес и достъп | |
| Електронен формат | pdf - файл |
| Път до файла /url/ | |
| 942 ## - АРТИКУЛИ | |
| Вид на библиотечния материал | Книги |
| Скрит в OPAC | Не |
| 944 ## - СЪЗДАВАНЕ И РЕДАКЦИЯ на ЗАПИСА | |
| Създаване/Редакция | Създаване |
| Дата на регистрацията/редакция | 01.01.2001 |
| Служител, извършил регистрацията/редакцията | Валя_Йорданова |
| 944 ## - СЪЗДАВАНЕ И РЕДАКЦИЯ на ЗАПИСА | |
| Създаване/Редакция | Редакция |
| Дата на регистрацията/редакция | 21.02.2011 |
| Служител, извършил регистрацията/редакцията | |
| 999 ## - СИСТЕМНИ КОНТРОЛНИ НОМЕРА | |
| Koha biblionumber | 99975 |
| Koha biblioitemnumber | 99975 |
| Код за отписване | Код за изгубен артикул | Код за повреда | Коз за рестрикции | Код за отдаване | Артикулен № | Име на библиотеката - собственик | Име на библиотеката, в която се намира в момента | Статус (Текущо местоположение) | Дата на вписване в системата | Местоположение - отдел | Цена в лева | Инвентарен номер | Систематично азбучна сигнатура | Баркод | Номер на екземпляра | Цена в евро | Служебна бележка | Служебен тип на артикула |
|---|---|---|---|---|---|---|---|---|---|---|---|---|---|---|---|---|---|---|
| Не е изгубен | Не е повреден | без рестрикции | ползва се в читалня | 161017 | Регионална библиотека "Любен Каравелов" Русе | Регионална библиотека "Любен Каравелов" Русе | Хранилище | 2003-02-19 | Хранилище | 0.00 | 120000674824 | Цб 214103 | 120000674824 | 1 | 0.00 | Дост: Dp Вид: Д N: 20 Дата: 01.05.2002 | Книги |